000 00669nam a2200193Ia 4500
003 GCL
008 140319s9999 xx 000 0 ara d
040 _aGCL /
_cGCL
082 0 4 _a252.4
_bم ز
100 1 _aمحمد بن عبدالله بن ابراهيم
245 1 0 _aزكاة الاموال: دراسة فقهية محاسبية لمختلف مصادر الثروة /
_cمحمد بن عبدالله بن ابراهيم
300 _a240 ص
490 _aكتاب
_v0
650 0 4 _aالزكاة احكام وشروط
650 0 4 _aالزكاة
650 0 4 _aالعبادات( فقه اسلامى )
650 0 4 _aالاسلام - ضرائب
942 _2ddc
_cBK
999 _c42214
_d42214